History Quiz

Random History Quiz

Vice Presidents of Indonesia Quiz Stats

 Plays Quiz not verified by Sporcle

Challenge
Share
Tweet
Embed
Score 0/12 Timer 05:00
0 Plays Today
Year Name of Vice Presidnt % Correct
1945-1956Drs. Mohammad Hatta
95.5%
2014-TodayJusuf Kalla
90.2%
2004-2009Jusuf Kalla
88.1%
1998B.J. Habibie
82.1%
2009-2014Boediono
80.6%
1978-1983Adam Malik
74.6%
2001-2004Hamzah Haz
67.2%
1999-2001Megawati Soekarnoputri
62.7%
1983-1988Umar Wirahadikusumah
43.3%
1988-1993Sudharmono
41.8%
1993-1998Try Soetrisno
40.3%
1973-1978Sri Sultan Hamengkubowono IX
28.4%

You're not logged in!

Compare scores with friends on all Sporcle quizzes.
OR
Log In

You Might Also Like...

Show Comments

Extras

Created Feb 12, 2014ReportNominate
Tags:indonesia, vice, Vice Presidents

Top Quizzes Today


Score Distribution

Your Account Isn't Verified!

In order to create a playlist on Sporcle, you need to verify the email address you used during registration. Go to your Sporcle Settings to finish the process.

Report this User

Report this user for behavior that violates our Community Guidelines.

Details: